| 000 | 00948cam a22002054a 4500 | ||
|---|---|---|---|
| 005 | 20250605164008.0 | ||
| 008 | 250528s ||||||||||||||||||||||||d | ||
| 035 | _a15856 | ||
| 020 | _a201416409 | ||
| 040 |
_aGR-AtMCL _bgre _dGR-AtMCL _eAACR2 |
||
| 245 | 1 | _aPrinciples of Expert Systems | |
| 260 |
_bAddison-Wesley Publishing Company, _c1991 |
||
| 300 | _a520 | ||
| 520 | _aThis book gives a sharper focus to the concepts underlying expert systems technology by concentrating on techniques for knowledge representation and inference. Foreword, Preface, Introduction, Logic and Resolution, Production Rules and Inference, Frames and Inheritance, Reasoning with Uncertainty, Tools for Knowledge and Inference Inspection, OPS5 and LOOPS and CENTAUR, Introduction to PROLOG, Introduction to LISP, References, Index. | ||
| 700 | 1 |
_aGaag Der Van Linda _91874 |
|
| 700 | 1 |
_aLucas Peter _91875 |
|
| 942 | _cBK | ||
| 999 |
_c1406 _d1406 |
||